000 00591nam a2200229Ia 4500
003 OSt
005 20220918185108.0
006 a|||||r|||| 00| 0
007 ta
008 220917b |||||||| |||| 00| 0 eng d
024 _a49,552
037 _cTextual
040 _aARTS
_cARTS
_beng
041 _2eng
_aeng
082 _aP:7, K2 (PD)
100 _aCompton Henry
_967758
245 0 _aConveying ideas
_b fundementals of written communciation
260 _c1962
650 _aLINGUISTICS
942 _hP:7, K2 (PD)
_cTEXL
_2CC
999 _c179174
_d179174